LEADER 02794nam 2200397 450 001 996280064703316 005 20231209090814.0 010 $a1-5044-5306-9 024 70$a10.1109/IEEESTD.2018.8559961 035 $a(CKB)4100000007192405 035 $a(NjHacI)994100000007192405 035 $a(EXLCZ)994100000007192405 100 $a20231209d2018 uy 0 101 0 $aeng 135 $aur||||||||||| 181 $ctxt$2rdacontent 182 $cc$2rdamedia 183 $acr$2rdacarrier 200 10$aISO/IEC/IEEE 90003:2018(E): ISO/IEC/IEEE International Standard - Software engineering $eGuidelines for the application of ISO 9001:2015 to computer software /$fSoftware & Systems Engineering Standards Committee of the IEEE Computer Society 210 1$aNew York :$cIEEE,$d2018. 215 $a1 online resource (86 pages) 330 $aThis document provides guidance for organizations in the application of ISO 9001:2015 to the acquisition, supply, development, operation and maintenance of computer software and related support services. This document does not add to or otherwise change the requirements of ISO 9001:2015. The guidelines provided in this document are not intended to be used as assessment criteria in quality management system registration/certification. The application of this document is appropriate to software that is: part of a commercial contract with another organization, a product available for a market sector, used to support the processes of an organization, embedded in a hardware product, or related to software services. Some organizations may be involved in all the above activities; others may specialize in one area. Whatever the situation, the organization's quality management system should cover all aspects (software related and non-software related) of the business. This document identifies the issues that should be addressed and is independent of the technology, life cycle models, development processes, sequence of activities and organizational structure used by an organization. Additional guidance and frequent references to the ISO/IEC JTC 1/SC 7 software engineering standards are provided to assist in the application of ISO 9001:2015, in particular ISO/IEC/ IEEE 12207:2017. 606 $aTotal quality management$xStandards 606 $aComputer software$xQuality control$xStandards 606 $aInformation technology$xStandards 606 $aConfiguration management 615 0$aTotal quality management$xStandards. 615 0$aComputer software$xQuality control$xStandards. 615 0$aInformation technology$xStandards. 615 0$aConfiguration management. 801 0$bNjHacI 801 1$bNjHacl 906 $aDOCUMENT 912 $a996280064703316 996 $aISO$91086301 997 $aUNISA